Chelsea Squad 2011-2012 - Statistics

General Stats
  • This quiz has been taken 977 times
    435 since last reset
  • The average score is 19 of 36
Answer Stats
Hint Answer % Correct
GK Petr Cech
99%
STR Didier Drogba
95%
MID Frank Lampard
93%
DEF John Terry
93%
DEF Ashley Cole
89%
DEF Gary Cahill
80%
STR Fernando Torres
76%
DEF Branislav Ivanovic
75%
DEF David Luiz
73%
MID John Obi Mikel
72%
MID Ramires
72%
MID Michael Essien
70%
MID Florent Malouda
69%
STR Juan Mata
68%
DEF Jose Bosingwa
66%
STR Salomon Kalou
65%
MNGR Roberto Di Matteo
64%
DEF Ryan Bertrand
61%
STR Nicolas Anelka
52%
STR Daniel Sturridge
47%
MNGR Andre Villas-Boas
46%
GK Hilario
46%
MID Raul Meireles
46%
GK Ross Turnbull
36%
DEF Alex
35%
DEF Paulo Ferreira
34%
GK Jamal Blackman
28%
MID Oriol Romeu Vidal
28%
STR Romelu Lukaku
27%
MID Lucas Piazon
14%
ASS. MNGR Eddie Newton
8%
DEF Nathaniel Chalobah
8%
DEF Sam Hutchinson
8%
ASS. MNGR Steve Holland
8%
MID Josh McEachran
3%
DEF Patrick Van Aanholt
3%
No matching quizzes found
Score Distribution
Percent of People with Each Score
Percentile by Number Answered
Your Score History
You have not taken this quiz since the last reset